000 00637nam a2200229Ia 4500
005 20250508164134.0
008 008 250505s9999 xx 000 0 eng d
020 _a0-415-94523-2
037 _aTextBook
040 _aFEDL
_beng
_cFEDL
041 _aeng
_2eng
084 _a375.001, FLI/R
_qFEDL
100 _aFlinders David J. Ed.
_9776013
245 0 _aCurriculum studies reader
250 _a2nd
260 _aNew York, USA
_bRoutledge Falmer
_c2004
300 _axiv,355p
365 _aGBP
_b18.99
700 _a Thornton Stephen J. Ed.
_9777451
942 _cTB
_h375.001, FLI/R
999 _c1387273
_d1387273